00521 2200193 4500001002100000005001500021035002000036245008300056100002700139250001100166300002100177260004500198082000800243084001400251020002200265650001800287990001100305990001100316INLIS00000000000178320241210084548 a0010-12240000361 aEnglish Classics :bThe Case-Book Of Sherlock Holmes /cSir Arthur Conan Doyle0 aSir Arthur Conan Doyle acet. 1 a378 hlm ;c18 cm aJakarta :bGramedia Pustaka Utama,c2024 a823 a823 SIR e a978-602-067-519-0 4aNovel Inggris a003707 a003708